Mapa de las lenguas celtas - Estadísticas

Estadísticas generales
  • Esta prueba ha sido intentada 80 veces
  • La puntuación promedio es 5 de 6
Respuestas en el mapa
Las respuestas están codificadas por una escala verde-roja en el mapa de la prueba según el % correcto abajo.
 
Estadísticas de respuestas
Hablantes Respuesta % Correcto
791k Galés
99%
2,7M Irlandés
97%
210k Bretón
96%
92,4k Gaélico escocés
96%
1,8k Manés
81%
557 Córnico
43%
No se encontraron pruebas coincidentes
Distribución de puntuación
Porcentaje de gente con cada puntuación
Porcentaje por número respondido
Historial de tus puntuaciones
No has intentado esta prueba.